| 000 | 00588nam a2200169 i 4500 | ||
|---|---|---|---|
| 001 | 113121 | ||
| 003 | ES-MaACL | ||
| 005 | 20230906185750.0 | ||
| 007 | t| | ||
| 008 | 061121s1924 sp r ||||1| spa d | ||
| 100 | 0 |
_aNúñez Granés, Pedro. _986200 |
|
| 245 | 1 | 3 |
_aLa extensión general de Madrid desde los puntos de vista técnico, económico, administrativo y legal / _cPedro Núñez Granés. |
| 260 |
_aMadrid : _b[s. n.], _c1924 ( _fImp. Municipal) |
||
| 300 |
_a122 p. ; _c32 x 23 cm + _e2 plan. |
||
| 650 | 4 |
_aUrbanismo- _zMadrid. _9143144 |
|
| 852 |
_aES-MaACL _j1612-F-20 _bR.4858 |
||
| 999 |
_c113121 _d113121 |
||